Jako v nebi, tak i na zemi /

Vícegenerační sága Davida Enii mapuje příběh jedné palermské rodiny, zejména pak jejích mužských členů, v průběhu padesáti let.

Hlavní autor: Enia, Davide, 1974-
Další autoři: Feltlová, Marina, 1971-
Jazyk: Čeština
Vydáno: Praha : Argo, 2023
Vydání: Vydání první
Témata:
Fyzický popis: 373 stran ; 22 cm
Knihy
Uloženo v:
LEADER 02502nam a2200445 i 4500
001 nkc20233508097
003 CZ PrNK
005 20240403090111.0
007 ta
008 230320s2023 xr g 000 f cze
015 |a cnb003508097 
020 |a 978-80-257-4041-5  |q (vázáno) 
035 |a (OCoLC)1381703379 
040 |a ABG001  |b cze  |d ABA001  |e rda 
041 1 |a cze  |h ita 
072 7 |a 821.131.1-3  |x Italská próza  |2 Konspekt  |9 25 
080 |a 821.131.1-31  |2 MRF 
080 |a (0:82-31)  |2 MRF 
100 1 |a Enia, Davide,  |d 1974-  |7 xx0069152  |4 aut 
240 1 0 |a Così in terra.  |l Česky 
245 1 0 |a Jako v nebi, tak i na zemi /  |c Davide Enia ; přeložila Marina Feltlová 
250 |a Vydání první 
264 1 |a Praha :  |b Argo,  |c 2023 
300 |a 373 stran ;  |c 22 cm 
336 |a text  |b txt  |2 rdacontent 
337 |a bez média  |b n  |2 rdamedia 
338 |a svazek  |b nc  |2 rdacarrier 
500 |a Přeloženo z italštiny 
504 |a Obsahuje bibliografické odkazy 
520 2 |a Vícegenerační sága Davida Enii mapuje příběh jedné palermské rodiny, zejména pak jejích mužských členů, v průběhu padesáti let.  |b Na pozadí vyprávění o talentovaném chlapci Davidu, který stejně jako jeho předkové touží stát se šampionem v boxu, sledujeme společensko-politický vývoj Sicílie v letech 1942-1992, od válečného konfliktu přes pouliční potyčky až po mafiánské přestřelky, atentáty a bombové útoky. Před očima se nám odhaluje obraz Palerma plného špíny, násilí, hrubých slov, ale i velkých citů, smyslu pro čest a spravedlnost. A přestože ženy stojí v tomto příběhu vždy v pozadí, právě ony jsou hlavními hybatelkami všech osudů. Román, který se stal v roce 2012 v Itálii senzací a v roce 2016 ve Francii obdržel cenu za nejlepší zahraniční román, je zároveň intimním svědectvím o dospívání, první lásce, hlubokém přátelství, o rodinných vztazích, nadějích i zklamáních. Nakladatelská anotace. 
655 7 |a italské romány  |7 fd132481  |2 czenas 
655 9 |a Italian fiction  |2 eczenas 
700 1 |a Feltlová, Marina,  |d 1971-  |7 js20060602005  |4 trl 
910 2 |a BOA001  |b 2-1503.805 
920 |a 4698541  |z ABG001 
990 |a BK 
995 |a 01 
991 |b 202304  |c NOV 
996 6 |b 2610934833  |c 2-1503.805  |l MZK  |r Sklad / do 1 hodiny  |n 1  |p p.v.  |w 001920564  |u 000010  |a 1  |e BOA001  |j MZK50  |s P 
996 7 |b 2610965795  |c 2-1503.805  |l MZK  |r Sklad / do 1 hodiny  |n 3  |p kup  |w 001920564  |u 000020  |a 1  |e BOA001  |j MZK50  |s A